Estudio de estaciones de transferencia de residuos sólidos. Aplicación al área metropolitana de Santiago
I tiakina i:
| Kaituhi matua: | |
|---|---|
| Hōputu: | Pukapuka |
| Reo: | Pāniora |
| I whakaputaina: |
Santiago
Universidad de Chile
1975
|
| Rangatū: | Publicación I - 37
|
| Ngā marau: | |
| Ngā Tūtohu: |
Tāpirihia he Tūtohu
Kāore He Tūtohu, Me noho koe te mea tuatahi ki te tūtohu i tēnei pūkete!
|
MARC
| LEADER | 00000nam a2200000 a 4500 | ||
|---|---|---|---|
| 001 | UCU6254 | ||
| 003 | CL-VaPUC | ||
| 008 | 960614e19750000CL |||||||||||||||||spa|d | ||
| 082 | 0 | 4 | |a 628.44 |b MIR |2 21 |
| 100 | |a Miranda D., Luciano |e autor |9 364447 | ||
| 245 | 1 | 0 | |a Estudio de estaciones de transferencia de residuos sólidos. Aplicación al área metropolitana de Santiago |
| 300 | |a 170 p | ||
| 942 | |c BK | ||
| 945 | |d 19960614 00:00:00 |a paguirre | ||
| 260 | |a Santiago |b Universidad de Chile |c 1975 | ||
| 650 | 0 | |a Residuos |9 343036 | |
| 650 | 7 | |a ELIMINACION DE RESIDUOS |2 CL-VaPUC |9 332226 | |
| 650 | 7 | |a HIGIENE AMBIENTAL |2 CL-VaPUC |9 364394 | |
| 650 | 0 | |a Tratamiento de residuos |9 262890 | |
| 651 | 0 | |a Santiago |9 265444 | |
| 651 | 7 | |a CHILE |2 CL-VaPUC |9 364448 | |
| 583 | |a last modification |c 19960614 00:00:00 |k Rodrigo Vera | ||
| 490 | 0 | |a Publicación I - 37 | |
| 999 | |c 249264 |d 249262 | ||
| 952 | |0 0 |1 0 |4 0 |6 628_440000000000000_MIR_1975 |7 0 |8 A |9 266434 |a BIBING |b BIBING |d 2019-11-19 |i 1685333 |o 628.44 MIR 1975 |p 1685333 |r 2025-01-20 |w 2019-11-19 |y BK |k ING | ||
| 952 | |0 0 |1 0 |4 0 |6 628_440000000000000_MIR_1975 |7 0 |8 A |9 266435 |a BIBING |b BIBING |d 2019-11-19 |i 1685384 |o 628.44 MIR 1975 |p 1685384 |r 2025-01-20 |w 2019-11-19 |y BK |k ING | ||